000 00957nam a22002057a 4500
999 _c34709
_d34709
003 OSt
005 20241114191542.0
008 240301b ||||| |||| 00| 0 eng d
040 _cBCRI
082 _a658.8
100 _948172
_aReyes Diaz, Adamaris Alexandra
245 _aAplicación de la inteligencia artificial en el marketing en las empresas salvadoreñas que se ubican en Estados Unidos
_b: Informe final de investigación
_c Adamaris Alexandra Reyes Diaz
260 _aIlobasco, Cabañas
_bUniversidad Católica de El Salvador
_c2024
300 _a78 h.
_bil.
_c27 cm.
_eVersión digital en USB
500 _aReferencias bibliográficas p. 62
502 _aTrabajo de graduación para optar al grado académico de Licenciada en Mercadeo y Negocios Internacionales
650 0 _93991
_aMarketing
710 _aUniversidad Católica de El Salvador
_bCentro Regional de Ilobasco
_bFacultad Multidisciplinaria
_940915
942 _2ddc
_cTG
_hprozim